000 00864nam a2200265 a 4500
001 58166
003 BD-RjUL
005 20211209080607.0
008 690829s1969 enka b 001 0 eng
035 _a(BD-RjUL)58290
040 _aDLC
_cDLC
_dBD-RjUL
_beng
041 _aeng
082 0 0 _a331.110973
_223
_bBOE 1969
100 1 _aBowen, William G.
_9172777
245 1 4 _aThe economics of labor force participation /
_cby William G. Bowen and T. Aldrich Finegan.
260 _aPrinceton, N.J.:
_bPrinceton University Press,
_cc1969.
300 _axxvi, 897 p. :
_bill. ;
_c25 cm.
350 _a18.50
504 _aBibliographical footnotes.
650 0 _aLabor supply
_zUnited States.
_9172778
650 0 _aUnemployed
_zUnited States.
_9172779
700 1 _aFinegan, Thomas Aldrich,
_d1929-
_ejoint author.
_9172780
942 _2ddc
_cBK
999 _c58166
_d58166